Macroeconomics / (Record no. 197754)

MARC details
000 -LEADER
fixed length control field 00824nam a2200265Ia 4500
003 - CONTROL NUMBER IDENTIFIER
control field OSt
005 - DATE AND TIME OF LATEST TRANSACTION
control field 20230719093833.0
008 - FIXED-LENGTH DATA ELEMENTS--GENERAL INFORMATION
fixed length control field 210716s2003 xx 000 0 und d
020 ## - INTERNATIONAL STANDARD BOOK NUMBER
International Standard Book Number 9781259027604
040 ## - CATALOGING SOURCE
Transcribing agency AIMIT LIBRARY
041 ## - LANGUAGE CODE
Language code of text/sound track or separate title eng
082 ## - DEWEY DECIMAL CLASSIFICATION NUMBER
Classification number 339
Edition number 10
Item number DORR
100 ## - MAIN ENTRY--PERSONAL NAME
Personal name Dornbusch, Rudiger.
9 (RLIN) 127654
245 ## - TITLE STATEMENT
Title Macroeconomics /
Statement of responsibility, etc. By Rudiger Dornbusch, Stanley Fischer and Richard Startz.
250 ## - EDITION STATEMENT
Edition statement 10th ed.
260 ## - PUBLICATION, DISTRIBUTION, ETC.
Place of publication, distribution, etc. New Delhi :
Name of publisher, distributor, etc. Tata McGraw Hill Publishing Company ,
Date of publication, distribution, etc. 2003.
300 ## - PHYSICAL DESCRIPTION
Extent xxii,629p. ;
Other physical details PB
Dimensions 22.3 cm.
650 ## - SUBJECT ADDED ENTRY--TOPICAL TERM
Topical term or geographic name entry element Economics
9 (RLIN) 127655
651 ## - SUBJECT ADDED ENTRY--GEOGRAPHIC NAME
Geographic name First model
9 (RLIN) 127656
651 ## - SUBJECT ADDED ENTRY--GEOGRAPHIC NAME
Geographic name Behavioral foundation
9 (RLIN) 127657
651 ## - SUBJECT ADDED ENTRY--GEOGRAPHIC NAME
Geographic name Advanced topics
9 (RLIN) 127658
700 ## - ADDED ENTRY--PERSONAL NAME
Personal name Fischer, Stanley.
9 (RLIN) 127659
700 ## - ADDED ENTRY--PERSONAL NAME
Personal name Startz, Richard.
9 (RLIN) 127660
942 ## - ADDED ENTRY ELEMENTS (KOHA)
Source of classification or shelving scheme Dewey Decimal Classification
Koha item type Book
Edition 10th
Call number prefix 339 DORR
Holdings
Withdrawn status Lost status Source of classification or shelving scheme Damaged status Not for loan Collection code Home library Current library Date acquired Inventory number Total Checkouts Full call number Barcode Date last seen Price effective from Koha item type
    Dewey Decimal Classification     MBA St Aloysius Institute of Management & Information Technology St Aloysius Institute of Management & Information Technology 07/16/2021 Bill no:; Bill dt:1900-01-00   339 DORR MBA00319 05/23/2026 07/16/2021 Book